000 00928nac a22002537a 4500
001 BR7500914
003 BR-BrBNA
005 20240105113837.0
008 230509b bl.|||m| |||| 00| 0 por d
040 _aBR-BrBNA
_bpor
_cBiblioteca Nacional de Agricultura
072 _aQ10
090 _aQ10 BR7500914
110 1 _aUniversidade Estadual de Campinas, SP (Brasil). Faculdade de Tecnologia de Alimentos
_910635
245 1 _aInformativo anual da Faculdade de Tecnologia de Alimentos [Brasil]
_bResumos de Teses
260 3 _aCampinas, SP (Brasil):
_c1975.
300 _a108 p.
490 _aInformativo Anual da Faculdade de Tecnologia de Alimentos - Universidade Estadual de Campinas (Brazil)
_v
_x
500 _aSummaries only
650 _aTecnologia de alimento
650 _aPreservacao de alimento
650 _aIndustria alimenticia
909 _a202312
_bLúcia Elande
_c55
_dLúcia Elande
942 _2AGRIS
_n0
_cMS
999 _c265899
_d265899